Les plus grandes villes sur la Garonne - Statistiques

Statistiques générales
  • Ce quiz a été pris 135 fois
  • Le résultat moyen est 6 sur 12
Statistiques - réponses
Population (2015) Ville sur la Garonne % Correct
447,300 Toulouse
100%
239,400 Bordeaux
99%
33,600 Agen
89%
24,100 Muret
54%
22,200 Blagnac
48%
18,200 Marmande
47%
11,200 Saint-Gaudens
40%
25,100 Bègles
33%
13,100 Castelsarrasin
25%
22,100 Cenon
22%
20,600 Lormont
21%
29,000 Villenave-d'Ornon
18%
Aucun quiz correspondant
Distribution des résultats
% des personnes avec chaque résultat
Percentile par nombre de réponses
Votre historique - résultats
Vous n’avez pas pris ce quiz